000 00632nam a2200205 a 4500
001 000043610
005 20201002044858.0
008 140331s1970 sp 000 0 spa d
040 _aDO-SdBNP
_bspa
_cBNPHU
082 _a891.73
_bG613t
100 1 _aVasilievich Gogol, Nicolas
_d1809-1852
_971421
245 1 0 _aTaras Bulba /
_cNicolas Gogol; prólogo J. Enrique García Melero.
260 _aMadrid :
_bLibra,
_c1970.
300 _a181 p. ;
_c17 cm.
490 1 _aPurpura
_v4
650 4 _aNovela rusa
_94742
650 4 _aLiteratura rusa
_94743
700 1 2 _aGarcía Melero, J. Enrique
_eprol.
_948168
830 0 _aPurpura
_n4
_971422
999 _c43099
_d43099